Most Guessed Words in Featured Languages - Statistics

General Stats
  • This quiz has been taken 43 times
  • The average score is 27 of 50
Answer Stats
% Answer Language % Correct
96 E Spanish
91%
95 E Portuguese
91%
97 O Portuguese
91%
91 O Spanish
91%
85 O Polish
91%
97 A Portuguese
89%
97 A Spanish
89%
97 À Portuguese
89%
96 A English
89%
94 A French
89%
94 À French
89%
95 I English
89%
89 Y Spanish
80%
88 No Spanish
71%
90 La French
69%
90 French
69%
83 La Spanish
69%
95 The English
66%
88 Si Spanish
63%
88 Spanish
63%
92 Le French
60%
83 W Polish
60%
89 De Dutch
54%
84 De French
54%
84 El Spanish
54%
84 Él Spanish
54%
82 Me French
51%
89 He English
46%
84 Ou French
46%
84 French
46%
90 Be English
40%
93 Je French
40%
91 Tu French
40%
83 Der/die/das German
37%
90 Ma French
37%
84 Es German
34%
83 Es French
34%
86 Ich German
31%
85 Er German
29%
94 Il French
29%
88 Sie German
29%
86 Et French
23%
82 Sa French
23%
88 Ik Dutch
20%
92 Vous French
20%
87 Elle French
17%
89 Het Dutch
9%
87 Ils French
9%
92 Nous French
9%
85 Een Dutch
3%
No matching quizzes found
Score Distribution
Percent of People with Each Score
Percentile by Number Answered
Your Score History
You have not taken this quiz